Monarchs of Belgium - Statistics

General Stats
  • This quiz has been taken 398 times
  • The average score is 5 of 7
Answer Stats
Period Monarch % Correct
2013-present Philippe
87%
1831-1865 Leopold I
85%
1865-1909 Leopold II
85%
1934-1951 Leopold III
80%
1909-1934 Albert I
73%
1993-2013 Albert II
73%
1951-1993 Boudewijn
64%
No matching quizzes found
Score Distribution
Percent of People with Each Score
Percentile by Number Answered
Your Score History
You have not taken this quiz